LDR 00987naa#a2200193#i#450# 001 RU\\bibl\122871 005 20260514015937.4 011 ## _a2073-4018 100 ## _a20260508b2026####ek#y0rusy0150####ca 102 ## _aRU 200 1# _aУпаковка для сыров «Атлантис-Пак»: 30 лет инноваций, технологической стабильности и импортозамещения _eЖурнальная статья 210 1# _aКемерово _cКемеровский государственный университет _d2026 215 ## _a3 с. 608 ## _aЖурнальная статья _2local 675 ## _aСельское хозяйство. Лесное хозяйство. Охота. Рыбное хозяйство. 63 _z 700 #1 _aТатаров _gАртем Вячеславович 700 #1 _aСмирнов _gВладимир Владимирович 700 #1 _aОрлова _gЕлена Анатольевна 856 4# _ajcenter.kemsu.ru _u